Visegrad Journal on Human Rights
Enregistré dans:
| Format: | Publication en série |
|---|---|
| Langue: | anglais |
| Publié: |
Bratislava
Pan-European University
|
| Tags: |
Pas de tags, Soyez le premier à ajouter un tag!
|
MARC
| LEADER | 00000nas1a2200000 4500 | ||
|---|---|---|---|
| 001 | 0262886 | ||
| 005 | 20230505101258.3 | ||
| 022 | |a 2644-5727 | ||
| 022 | |a 1339-7915 | ||
| 041 | 0 | |a eng | |
| 044 | |a SK | ||
| 245 | 1 | 0 | |a Visegrad Journal on Human Rights |
| 264 | 1 | |a Bratislava |b Pan-European University | |